000 01155nam a2200265Ia 4500
003 OSt
005 20221005103258.0
006 a|||||r|||| 00| 0
007 ta
008 221004b |||||||| |||| 00| 0 hin d
020 _a9788189962265 (hbk)
_c195
024 _a102982
037 _b465, 12/02/2010, Eastern Book Linkers
_cTextual
040 _aCRL
_cCRL
_bhin
041 _2hin
_ahin
082 _aO15,1A2:g, 152P8
100 _aभादुड़ी, नृसिंहप्रसाद
245 0 _aमहाभारत के प्रवीन द्रोणाचार्य
246 _aMahābhārat ke pravīn droṇāchārya
260 _aगाजियाबाद
_bरेमाधव पब्लिकेशन्स प्राइवेट लिमिटेड भारत
_c2008
300 _a160पृ0
_ccm.
700 _a बैनर्जी, उत्पल, ले.
942 _hO15,1A2:g, 152P8
_cTEXL
_2cc
999 _c1009782
_d1009782